000 00632nam a22002177a 4500
003 UA-OsUOA
001 104709
007 ta
008 20140127b un ||||| |||| 00| 0 ukr d
100 _aКняжанський В.
090 _a330(477)
_bК54
942 _cSA
040 _aUA-OsUOA
_bukr
_cUA-OsUOA
_dUA-OsUOA
245 _a"Економічного зростання на буде". Експерти проаналізували бюджет на 2014 рік
300 _aС.6
955 _a0
041 _aukr
080 _a330(477)
773 0 _w104708
650 7 _a330 Економіка взагалі
_2UDC
999 _c391184
_d391184